000 00532nam a2200169 i 4500
001 bg
100 1 _aGÓRA, Stanisław
245 0 _aElektrownie jądrowe :
_bskrypt dla studentów wyższych szkół technicznych /
_cStanisław Góra.
260 _aWarszawa :
_bPaństw. Wydawn. Nauk.,
_c1978.
300 _as. 329, nlb. 2 :
_brys., tabl. [w tym] nlb. 1.
504 _a[Zawiera bibliogr. s. 329].
040 _cBPK
041 _apol
080 _a621.311:621.039(075.8)
942 _cKS
008 s pl f |000 0 pol
999 _c9997
_d9997
856 _uhttp://koha.tu.koszalin.pl/cgi-bin/koha/opac-detail.pl?biblionumber=9997
_yKatalog online BPK